000 00583nam a2200205Ia 4500
003 IN-BaIIA
008 211028s9999 xx 000 0 eng d
020 _a0-240-44900-2
040 _cIIA Library
080 _a535
_bCOX
100 _aCox, Arthur
_94235
245 0 _aPhotographic optics
_ba modern approach to the technique of definitions
_cArthur Cox
260 _aLondon
_bFocal Press
_c1971
300 _a502p.
490 _aThe manuals of photo-technique
650 _a Optics 
_97974
650 _a Photographic optics
_98524
650 _aNASA Thesaurus 
942 _cBK
999 _c4792
_d4792